1806 1467 1099 1321 1249 1264 1025 1178 1523 1088 1640 1294 1334 1683 1173 1465 1614 1820 1228 1055 1238 1821 1313 1920 1096 1032 1650 1784 1439 1576 1859 1591 1974 1186 1552 1679 1561 1053 1499 1710 1982 1333 1070 1615 1582 1120 1232 1913 1122 1407 1341 1464 1586 1776 1491 1682 1229 1102 1131 1808 1909 1154 1640 1346 1166 1436 1839 1409 1417 1511 1672 1380 1207 1199 1200 1052 1936 1250 1273 1337 1349 1948 1673 1614 1542 1999 1317 1113 1861 1863 1320 1170 1121 1832 1016 1835 1942 1555 1139 BCNSPRNW ULIB Ver.6.0+V

เปลี่ยนเป็นภาษาไทย

Change to English
 แสดงรายละเอียดบรรณานุกรม
  กลับหน้าหลัก

Brief Record : Get Marc (ISO 2709) : E-mail record : QR code < ปิดหน้าต่าง
LEADER : 00000nam 2200000uu 4500
001    13399110525
003     ULIB
008    110602s2551||||th 000 0 tha d
020    9744655437
060 04 WQ15^bพ247ศ 2551
100 0  พรพรรณ ภูสาหัส
245 10 ศัพท์ทางสูติศาสตร์ที่ควรทราบ /^cพรพรรณ ภูสาหัส
250    พิมพ์ครั้งที่ 3
260    นนทบุรี :^bโครงการสวัสดิการวิชาการ สถาบันพระบรมราชชนก,^c2551
300    135 หน้า :^bภาพระกอบ ;^c19 ซม.
650  7 สูติศาสตร์^vคำศัพท์
710 2  สถาบันพระบรมราชชนก. ^bโครงการสวัสดิการวิชาการ
945    ^p120^l0^i023835
945    ^p120^l0^i023834
945    ^p120^l0^i018786
945    ^p120^l0^i018785
945    ^p120^l0^i017759
945    ^p120^l0^i027733
945    ^p120^l0^i017760
995    ทศพร
999 ^a ใช้งานได้ทุกระบบ
รายการนี้ยังไม่มีแท็ก
คุณยังไม่ได้ล็อกอิน คุณสามารถมีกิจกรรมร่วมกับเว็บไซต์ได้ แต่ต้องล็อกอินก่อน ::
  ล็อกอิน

รายการสื่อสารสนเทศ

ลำดับที่ ประเภท เลขเรียก/บาร์โค้ด สถานที่ สถานะ
- ไม่พบข้อมูล -

รายการใกล้เคียง
    ผู้แต่ง [พรพรรณ ภูสาหัส]

BibComment


ยังไม่เคยถูกคอมเมนท์

คอมเมนท์ทรัพยากรรายการนี้
  คอมเมนท์: ศัพท์ทางสูติศาสตร..


 Copyright 2026. Bcnsprnw @Library